MDQL
is popping MORE tags! Check the
thread
!
Quizzes
Events
Quiz Creation
Community
Videos
Private Events
Remove Ads
Sign In
Join for FREE
Feedback
Dark Mode
Quiz Categories
Sports
Geography
Music
Movies
Television
Just For Fun
Miscellaneous
History
Literature
Language
Science
Gaming
Entertainment
Religion
Holiday
For Kids
Quiz Lab
Recent
Popular Today
Quiz Kudos Today
Editor Picks
Curator Picks
Quizzes by...
Day
Popularity
Type
Ratings
Length
Year
Community
Subscriptions
Recent Discussions
Orange Saloon
Badges
Playlists
Quests
Create
Leaderboards
Showdown
Live 5
Trivia Bingo
Activity
Puzzle Library
Sporcle Events
Private Events
Virtual Trivia
Globe League
Become a Host
Pub Owners
SporcleCon
Opinionation
Our Games
Videos
Blog
Mobile Apps
Partnerships
Remove Ads and Go Orange
Feedback
Religion
Mythology
Religious Music
World Religions
Bible
Christianity
Catholicism
Judaism
Church
Scripture
Islam
Verse
Religion
Mythology
Religious Music
World Religions
Bible
Christianity
Catholicism
Judaism
Church
Scripture
Islam
Verse
Random Quiz
Search Sporcle
×
Quiz Lab
Quiz Lab
Religion
Fantasy
Type in answers that appear in a list
Type in answers that appear in a list
Classic
Best Score? Go Orange.
Barred For Life Fantasy Power Rankings Stats
Can you name the Barred For Life Fantasy Power Rankings?
By
barredforlife
5m
12 Questions
14 Plays
14 Plays
14 Plays
Comments
Comments
Give Quiz Kudos
Give Quiz Kudos
-
- Ratings
hide this ad
Forced Order
Answers have to be entered in order
Answers have to be entered in order
Replay
Link that replays current quiz
Next Quiz
Link to next quiz in quiz playlist
You Got
0%
They Got
Avg Score
69%
Avg Friend Score
Upgrade to see
Score Distribution
Jump to the score distribution portion of the page
Score
0/12
Timer
05:00
0
Plays Today
Hint
Answer
% Correct
1) shotgun wedding
Choot 'Em
85.7%
2) big name, small person
Giants
78.6%
6) no points, lots of wins
lowballer
78.6%
3) winning steelers fan
ballsofsteel
71.4%
4) cold
Terminally Chill
71.4%
5) creditor can't touch this
The Automatic Stay
71.4%
7) penguins on an iceberg
RMFiedlerCorporation
71.4%
8) Giants destroyed them
Meghan's Boobs
64.3%
9) hates his school's new uniforms
chapel hill knights
64.3%
10) his name implies that he will never use viagra
Fear Boners
64.3%
12) losing steelers fan
Steel City
57.1%
11) 1/
2 defeated teams
the tipping point
50%
Quiz Playlist
Details
Report
Send in Message
Add To Playlist
Classic:
Type in answers that appear in a list
Forced Order:
Answers have to be entered in order
Last Updated: Feb 16, 2017
Quiz Scoreboard
CHALLENGE
Sign Up to Join the Scoreboard
Show All
Scores
Hide
Comments
May contain spoilers
Recently Published
5x2 Blitz: Bands
by SL_Kpop136
Music
30s
Colored Red Africa Blitz
by spor1
Geography
30s
Find the 'City' Movie
by crazypaving
Movies
60s
More to Explore
Quiz From the Vault
Featured Blog Post
14 Easter Pick-up Lines to Find Eggs With
hide this ad
You Might Also Like...
Tags
Banking
Fantasy
life
Power
Today's Top Quizzes in Religion
Browse Religion
hide this ad
Today's Top Quizzes in Fantasy
Browse Fantasy
Top Contributed Quizzes in Religion
1
Christmas Pick: Judaism
2
Christmas Pick: World Religions
3
Christmas Pick: Islam
4
Longevity in the Bible
5
Artistic Maundy Thursday
6
Mythological Creature Bunker
7
Christmas Pick: Religious Music
8
Christmas Pick: Scripture
9
99 names of Allah
10
5-to-1: Children of Gods
Explore More
Trending Topics
Disney
Crossword
Harry Potter
Kpop
Marvel
Anime
NBA
Pokémon
WWE
Soccer
Song
NFL
Puzzle
The Office
Country
hide this ad
More By:
barredforlife
Quiz
Plays
Rating
Category
Featured
Created
Barred For Life Fantasy Power Rankings
14
1.00
Religion
Oct 14, 2011
Go to Creator's Profile
Score Distribution
Quiz Creator Spotlight
barredforlife
Follow
Send a Message
Quizzes Created
-
Created Quiz Play Count
-
More By This Creator
Popular Quizzes Today
1
Colored Red Africa Blitz
2
Find the 'City' Movie
3
Find the US States - No Outlines Minefield
4
5x2 Blitz: Bands
5
The Countries of the World
6
Find the US States
7
US States
8
9x9 Crossword: Cartoon Network
More Religion Quizzes
Most Mentioned Cities in the Bible
Published
Trending Quizzes
Colored Red Europe Blitz I
Colored Red Europe Blitz II
Colored Red Africa Blitz II
Colored Red Europe Blitz III
Colored Red Africa Blitz III
Recently Updated
How Do You Spell That?
pecheneg
Godzilla Movies
pecheneg
Grab Bag: 4-10 Letters
pecheneg
2024 March Madness Bracket
pecheneg
Famous TV Couples
Peacemaker
Champions League XIs: Real Madrid
pecheneg
Largest US Cities 1790-2010
pecheneg
Rides in Walt Disney World
pecheneg
Most Oscar Losses (Acting)
pecheneg
Beyoncé Albums
pecheneg
Trending Topics
Crossword
Anime
Harry Potter
Marvel
NBA
Kpop
Disney
Soccer
The Office
Puzzle
Pokémon
WWE
Country
NFL
Song
Your Account Isn't Verified!
In order to create a playlist on Sporcle, you need to verify the email address you used during registration. Go to your
Sporcle Settings
to finish the process.
Report this User
Report this user for behavior that violates our
Community Guidelines
.
Details:
Send Report
Go to the Sporcle.com Mobile Site →
Comments